| 000 | 00000nas 2200000za 4500 |
| 001 | 9.515931 |
| 003 | CaOODSP |
| 005 | 20221107133856 |
| 007 | cr ||||||||||| |
| 008 | 150406d20132014oncar pso||||f0 b0fre|d |
| 040 | |aCaOODSP|bfre |
| 043 | |an-cn--- |
| 086 | 1 |aCi1-8/10F-PDF |
| 245 | 00|aFaits et chiffres, aperçu de l'immigration |présidents temporaires |h[ressource électronique]. |
| 260 | |aOttawa : |bCitoyenneté et Immigration Canada |
| 310 | |aAnnuel |
| 362 | 0 |a2013-2014. |
| 500 | |aPubl. aussi en anglais sous le titre : Facts and figures, immigrant overview - temporary residents. |
| 710 | 1 |aCanada. |bCitoyenneté et immigration Canada. |bDirection générale de la recherche et de l'évaluation. |
| 775 | 08|tFacts and figures, immigrant overview |w(CaOODSP)9.512570 |
| 780 | 00|tFaits et chiffres ..., aperçu de l'immigration|w(CaOODSP)9.502222 |